000 00810nam a22002417a 4500
003 UA-OsUOA
001 46401
007 ta
008 20120217b un ||||| |||| 00| 0 ukr d
100 _aБунина И.К.
090 _a81'366
_bБ91
942 _cBK
040 _aUA-OsUOA
_brus
_cUA-OsUOA
_dUA-OsUOA
245 _aИстория глаголных времен в болгарском языке (времена индикатива)
300 _a299 с.
955 _a4
041 _arus
080 _a81'366
260 _aМ.
_bНаука
_c1970
650 7 _a8 Мовознавство. Художня література. Літературознавство
_2UDC
999 _c426506
_d426506